States of Bolivia - Statistics

General Stats
  • This quiz has been taken 56 times
  • The average score is 6 of 9
Answer Stats
Answer % Correct
La Paz
88%
Santa Cruz
81%
Cochabamba
73%
Potosi
73%
Oruro
65%
Beni
62%
Pando
62%
Tarija
58%
Chuquisaca
54%
No matching quizzes found
Score Distribution
Percent of People with Each Score
Percentile by Number Answered
Your Score History
You have not taken this quiz